[Event "C.to Italiano U14 femminile"]
[Site "Porretta Terme ITA"]
[Date "2011.07.03"]
[Round "1"]
[White "Caldi, Irene"]
[Black "Gueci, Laura"]
[Result "0-1"]
[WhiteElo "1479"]
[BlackElo "1797"]
[PlyCount "120"]
[EventDate "2011.07.03"]

1. e4 c5 2. d4 cxd4 3. Qxd4 Nc6 4. Qc3 Nf6 5. Bd3 e6 6. a3 h6 7. Be3 Be7 8. Nf3
O-O 9. h3 b6 10. O-O Bb7 11. Qd2 d6 12. Nc3 Rc8 13. Rad1 Nd7 14. Rfe1 Nde5 15.
Nxe5 Nxe5 16. Be2 Nc4 17. Bxc4 Rxc4 18. Qd3 Rc6 19. Bf4 a6 20. Bg3 Qc7 21. Rd2
Rd8 22. Qe3 Bf6 23. e5 Be7 24. exd6 Bxd6 25. Red1 Qe7 26. Ne4 e5 27. Nxd6 Rcxd6
28. Rxd6 Rxd6 29. Rxd6 Qxd6 30. Bxe5 Qd1+ 31. Kh2 Qxc2 32. Qxb6 Qe4 33. Kg3
Qxe5+ 34. f4 Qe1+ 35. Kg4 Qe6+ 36. Qxe6 fxe6 37. g3 Kf7 38. b4 Bc6 39. h4 g6
40. h5 Kf6 41. Kh4 g5+ 42. fxg5+ hxg5+ 43. Kg4 e5 44. h6 Be4 45. a4 Kg6 46. h7
Bf5+ 47. Kf3 Kxh7 48. b5 axb5 49. axb5 Kg6 50. b6 Bc8 51. Ke4 Kf6 52. g4 Bb7+
53. Ke3 Ke6 54. Ke2 Kd6 55. Kd3 Kc5 56. Ke3 Kxb6 57. Kd3 Kc5 58. Ke3 Kc4 59.
Ke2 Kd4 60. Kd2 Bf3 0-1

[Event "C.to Italiano U14 femminile"]
[Site "Porretta Terme ITA"]
[Date "2011.07.03"]
[Round "1"]
[White "Pelyushenko, Ivanna"]
[Black "Francoli, Beatrice"]
[Result "1-0"]
[WhiteElo "1789"]
[BlackElo "1473"]
[PlyCount "59"]
[EventDate "2011.07.03"]

1. e4 e5 2. Nf3 Nc6 3. Bb5 Nf6 4. Nc3 a6 5. Ba4 Bb4 6. O-O O-O 7. d3 d6 8. Bg5
Bxc3 9. bxc3 Bg4 10. h3 Bh5 11. Rb1 d5 12. Bb3 Re8 13. Bxd5 Qd7 14. Bxf6 gxf6
15. Kh2 Kh8 16. Rg1 Rg8 17. Nxe5 Nxe5 18. Qxh5 Rae8 19. f4 Rg7 20. fxe5 fxe5
21. Rbf1 Rf8 22. Qf5 Qe8 23. Qf6 a5 24. Rf5 Kg8 25. Rg5 Rxg5 26. Qxg5+ Kh8 27.
Qf6+ Kg8 28. Rf1 a4 29. Rf3 c6 30. Rg3# 1-0

[Event "C.to Italiano U14 femminile"]
[Site "Porretta Terme ITA"]
[Date "2011.07.03"]
[Round "1"]
[White "Ramundi, Claudia"]
[Black "Miracola, Giorgia"]
[Result "0-1"]
[WhiteElo "1473"]
[BlackElo "1755"]
[PlyCount "80"]
[EventDate "2011.07.03"]

1. e4 c5 2. Nf3 d6 3. Bc4 Nf6 4. Nc3 e6 5. d3 a6 6. Bb3 b5 7. a4 b4 8. Ne2 Bb7
9. Bd2 Nc6 10. c3 a5 11. Ng3 Ne5 12. Nxe5 dxe5 13. Be3 Be7 14. O-O O-O 15. Bc2
Nd7 16. d4 cxd4 17. cxd4 exd4 18. Bxd4 e5 19. Be3 Nc5 20. Qf3 Kh8 21. Nf5 g6
22. Nh6 f5 23. Qe2 Ba6 24. Qf3 Bxf1 25. Rxf1 f4 26. Bc1 Qc7 27. h3 Ne6 28. b3
Bg5 29. Ng4 Nd4 30. Qd1 Nxc2 31. Bb2 Nd4 32. Nxe5 Bf6 33. Nc4 Rad8 34. Qa1 Kg8
35. Kh1 Nxb3 36. Qa2 Qxc4 37. Rb1 Rd2 38. f3 Bxb2 39. Rxb2 Qf1+ 40. Kh2 Qxg2#
0-1

[Event "C.to Italiano U14 femminile"]
[Site "Porretta Terme ITA"]
[Date "2011.07.03"]
[Round "2"]
[White "Gueci, Laura"]
[Black "Celati, Sara"]
[Result "1-0"]
[WhiteElo "1797"]
[BlackElo "1521"]
[PlyCount "39"]
[EventDate "2011.07.03"]

1. e4 e5 2. Nf3 Nc6 3. d4 Nf6 4. d5 Ne7 5. Nxe5 d6 6. Nf3 Nxe4 7. Be2 Nf6 8.
Nc3 Bf5 9. O-O c6 10. dxc6 Nxc6 11. Bg5 h6 12. Bh4 Be7 13. Nd4 Be4 14. Nxe4
Nxe4 15. Bxe7 Nxe7 16. Bb5+ Kf8 17. Re1 d5 18. c4 Nd6 19. Qf3 dxc4 20. Ne6+ 1-0

[Event "C.to Italiano U14 femminile"]
[Site "Porretta Terme ITA"]
[Date "2011.07.03"]
[Round "2"]
[White "Principi, Carlotta"]
[Black "Pelyushenko, Ivanna"]
[Result "1/2-1/2"]
[WhiteElo "1500"]
[BlackElo "1789"]
[PlyCount "109"]
[EventDate "2011.07.03"]

1. d4 d5 2. Bf4 Bf5 3. e3 Nf6 4. Nf3 e6 5. Nbd2 Bd6 6. Bg3 Nc6 7. a3 O-O 8. Ne5
Ne4 9. Ndf3 Nxe5 10. Nxe5 Rc8 11. Be2 c5 12. c3 b6 13. Rc1 c4 14. Nf3 Qe7 15.
Nd2 b5 16. Nxe4 Bxe4 17. Bf3 Bd3 18. Be2 Bg6 19. Bxd6 Qxd6 20. O-O a6 21. h3
Qe7 22. Bh5 Bd3 23. Be2 Be4 24. Bf3 Bf5 25. Bg4 Qg5 26. Bxf5 Qxf5 27. Re1 Rfe8
28. Qd2 e5 29. Ra1 e4 30. Rf1 Re6 31. f3 Qh5 32. fxe4 Rxe4 33. Rf3 Rce8 34. Re1
Qg5 35. Qf2 Qe7 36. Rg3 Re6 37. Qf4 Rf6 38. Qg5 Rg6 39. Qxe7 Rxe7 40. Rxg6 fxg6
41. Kf2 Re4 42. Ke2 Kf7 43. Rf1+ Ke7 44. Rf3 Re6 45. g4 Rf6 46. Rg3 Kd6 47. Rf3
Kc6 48. Rxf6+ gxf6 49. Kf3 g5 50. e4 Kd6 51. Ke3 a5 52. Kf3 h6 53. Ke3 a4 54.
Kf3 Ke6 55. Ke3 1/2-1/2

[Event "C.to Italiano U14 femminile"]
[Site "Porretta Terme ITA"]
[Date "2011.07.05"]
[Round "3"]
[White "Gennaro, Isabella"]
[Black "Lazzarini, Sabrina"]
[Result "0-1"]
[WhiteElo "1611"]
[BlackElo "1751"]
[PlyCount "64"]
[EventDate "2011.07.03"]

1. e4 e5 2. Nf3 Nf6 3. Bc4 Nxe4 4. Qe2 d5 5. Nxe5 dxc4 6. Qxe4 Qe7 7. Nc3 Nd7
8. Nxc4 Nf6 9. Qxe7+ Bxe7 10. O-O O-O 11. d3 Bf5 12. Bf4 c6 13. Rfe1 Bb4 14.
Bd2 Rfe8 15. a3 Bf8 16. Na5 Rad8 17. Nxb7 Rxe1+ 18. Rxe1 Rb8 19. Na5 Rxb2 20.
Rc1 Bxd3 21. cxd3 Rxd2 22. a4 Ba3 23. Rb1 Rxd3 24. Rb8+ Bf8 25. Nxc6 g6 26. Rc8
Nd5 27. f3 Rxc3 28. Nxa7 Kg7 29. Kf1 Rxc8 30. Nxc8 Ne3+ 31. Kf2 Bc5 32. Kg3 Kf6
0-1

[Event "C.to Italiano U14 femminile"]
[Site "Porretta Terme ITA"]
[Date "2011.07.05"]
[Round "3"]
[White "Paolillo, Gaia"]
[Black "Miracola, Giorgia"]
[Result "1-0"]
[WhiteElo "1648"]
[BlackElo "1755"]
[PlyCount "45"]
[EventDate "2011.07.03"]

1. e4 c5 2. Nf3 d6 3. d4 cxd4 4. Qxd4 a6 5. c4 Nc6 6. Qd2 Nf6 7. Nc3 e6 8. b3
Be7 9. Bb2 O-O 10. Bd3 b6 11. O-O Bb7 12. Rfe1 Qd7 13. Na4 Qc7 14. Qe3 Nd7 15.
Rac1 Nc5 16. Nxc5 dxc5 17. e5 Nb4 18. Bb1 Bxf3 19. gxf3 f6 20. exf6 Bxf6 21.
Qxe6+ Kh8 22. Qe4 g6 23. Bxf6+ 1-0

[Event "C.to Italiano U14 femminile"]
[Site "Porretta Terme ITA"]
[Date "2011.07.05"]
[Round "3"]
[White "Santeramo, Alessia Carmen"]
[Black "Gueci, Laura"]
[Result "1/2-1/2"]
[WhiteElo "1674"]
[BlackElo "1797"]
[PlyCount "85"]
[EventDate "2011.07.03"]

1. e4 c5 2. Nf3 d6 3. d4 cxd4 4. Nxd4 Nf6 5. Nc3 a6 6. Be2 e5 7. Nb3 Be7 8. O-O
O-O 9. Be3 Be6 10. Qd2 Qc7 11. Rfd1 Rd8 12. Bf3 Nbd7 13. a4 Rac8 14. a5 Nc5 15.
Nxc5 dxc5 16. Qe2 Rxd1+ 17. Qxd1 Rd8 18. Qe2 Rd7 19. h3 Ne8 20. Bg4 Bxg4 21.
Qxg4 Nf6 22. Qf3 h6 23. Nd5 Qc6 24. Rd1 Nxd5 25. exd5 Qa4 26. b3 Qxa5 27. Qg3
Qc7 28. Bxh6 Bf6 29. Bg5 Bxg5 30. Qxg5 c4 31. bxc4 Qxc4 32. Qxe5 Rd8 33. c3 b5
34. d6 Qc6 35. d7 Qe6 36. Qc7 Qe7 37. Qc6 Qe6 38. Qc7 Qe7 39. Qc8 Kh7 40. Qc6
Qe6 41. Qc7 Qe7 42. Kf1 a5 43. Qc8 1/2-1/2

[Event "C.to Italiano U14 femminile"]
[Site "Porretta Terme ITA"]
[Date "2011.07.05"]
[Round "4"]
[White "Gueci, Laura"]
[Black "Colantuono, Virginia"]
[Result "1/2-1/2"]
[WhiteElo "1797"]
[BlackElo "1754"]
[PlyCount "116"]
[EventDate "2011.07.03"]

1. e4 e5 2. Nf3 Nc6 3. d4 exd4 4. Nxd4 Nf6 5. Nxc6 bxc6 6. e5 Qe7 7. Qe2 Nd5 8.
Nd2 d6 9. Nc4 Nb6 10. Nxb6 axb6 11. exd6 Qxe2+ 12. Bxe2 Bxd6 13. Bf3 Bb7 14.
O-O O-O 15. Bd2 Be5 16. c3 Rad8 17. Rad1 Rfe8 18. Rfe1 h6 19. Be3 Bd6 20. g3
Ba8 21. b4 b5 22. Bd4 c5 23. Rxe8+ Rxe8 24. Bxa8 cxd4 25. Bc6 Re2 26. Bxb5 Rxa2
27. Rxd4 Be5 28. Rd3 Ra3 29. Rd8+ Kh7 30. Bd3+ g6 31. c4 Bd6 32. Be4 Bxb4 33.
Rd7 Kg7 34. Rxc7 Ra6 35. Bd5 Rf6 36. Kg2 h5 37. f4 Bd6 38. Rd7 Bc5 39. Rb7 h4
40. Kh3 hxg3 41. hxg3 Be3 42. Re7 Bc5 43. Rc7 Bd6 44. Rc6 Be7 45. Rxf6 Kxf6 46.
Kg4 Bc5 47. Kf3 Ke7 48. g4 Kf6 49. Ke4 Bd6 50. f5 gxf5+ 51. gxf5 Bc5 52. Bb7
Ke7 53. Kd5 Ba7 54. c5 f6 55. Bc8 Kd8 56. Be6 Kc7 57. c6 Be3 58. Bd7 Bc1
1/2-1/2

[Event "C.to Italiano U14 femminile"]
[Site "Porretta Terme ITA"]
[Date "2011.07.05"]
[Round "4"]
[White "Lazzarini, Sabrina"]
[Black "Paolillo, Gaia"]
[Result "1/2-1/2"]
[WhiteElo "1751"]
[BlackElo "1648"]
[PlyCount "60"]
[EventDate "2011.07.03"]

1. e4 e5 2. f4 exf4 3. Nf3 Nc6 4. d4 d6 5. Bxf4 Be7 6. Nc3 Bg4 7. Be2 Nf6 8.
O-O O-O 9. d5 Bxf3 10. Bxf3 Ne5 11. Be2 c6 12. Qe1 Ng6 13. Be3 Re8 14. Qg3 Nd7
15. Bd4 c5 16. Be3 Nde5 17. Bf2 a6 18. Bh5 Bh4 19. Qh3 Bxf2+ 20. Rxf2 Qg5 21.
Raf1 Re7 22. Ne2 Nh4 23. Ng3 Neg6 24. Bxg6 Nxg6 25. Rf5 Qh4 26. Qxh4 Nxh4 27.
R5f4 Ng6 28. Rg4 Rd8 29. Nf5 Re5 30. Rg3 h5 1/2-1/2

[Event "C.to Italiano U14 femminile"]
[Site "Porretta Terme ITA"]
[Date "2011.07.05"]
[Round "4"]
[White "Santeramo, Alessia Carmen"]
[Black "Pelyushenko, Ivanna"]
[Result "1-0"]
[WhiteElo "1674"]
[BlackElo "1789"]
[PlyCount "39"]
[EventDate "2011.07.03"]

1. e4 e5 2. Nf3 Nc6 3. Nc3 Nf6 4. d4 exd4 5. Nxd4 Be7 6. Bc4 Ne5 7. Bb3 d6 8.
h3 O-O 9. f4 Ng6 10. O-O c5 11. Nf3 Qb6 12. Be3 Qc6 13. Bd5 Nxd5 14. Nxd5 Qd7
15. f5 Ne5 16. Nxe5 dxe5 17. f6 Bd6 18. fxg7 Kxg7 19. Qh5 Rd8 20. Qh6+ 1-0

[Event "C.to Italiano U14 femminile"]
[Site "Porretta Terme ITA"]
[Date "2011.07.06"]
[Round "5"]
[White "Colantuono, Virginia"]
[Black "Lazzarini, Sabrina"]
[Result "1-0"]
[WhiteElo "1754"]
[BlackElo "1751"]
[PlyCount "95"]
[EventDate "2011.07.03"]

1. e4 e5 2. Nf3 Nf6 3. Nxe5 d6 4. Nf3 Nxe4 5. Nc3 Nxc3 6. dxc3 Be7 7. Bf4 O-O
8. Qd2 Nd7 9. O-O-O Nc5 10. h3 Re8 11. Bd3 Be6 12. Kb1 Nxd3 13. Qxd3 Qd7 14.
Nd4 Bf6 15. g4 Qa4 16. Nxe6 Rxe6 17. Be3 Rae8 18. g5 Be5 19. Rhg1 b5 20. Rg4
Qa5 21. Rh4 g6 22. Rg4 c5 23. h4 c4 24. Qd5 Qc7 25. Qxb5 Rb8 26. Rxc4 Rxb5 27.
Rxc7 a5 28. a4 Rb8 29. Rd5 Ra8 30. Ra7 Rb8 31. Rc7 Ra8 32. Kc1 Ra6 33. Rc8+ Kg7
34. f4 Bxf4 35. Bxf4 f6 36. gxf6+ Rxf6 37. Rd4 Kf7 38. Rd8 Rc6 39. R8xd6 Rcxd6
40. Bxd6 Rf1+ 41. Rd1 Rf5 42. b4 axb4 43. cxb4 g5 44. hxg5 Rxg5 45. a5 h5 46.
a6 h4 47. a7 Rg8 48. Bb8 1-0

[Event "C.to Italiano U14 femminile"]
[Site "Porretta Terme ITA"]
[Date "2011.07.06"]
[Round "5"]
[White "Paolillo, Gaia"]
[Black "Santeramo, Alessia Carmen"]
[Result "1-0"]
[WhiteElo "1648"]
[BlackElo "1674"]
[PlyCount "45"]
[EventDate "2011.07.03"]

1. e4 c5 2. Nf3 e6 3. d4 cxd4 4. Nxd4 a6 5. Nc3 Qc7 6. Bd3 Nf6 7. Bg5 Be7 8.
O-O b5 9. Re1 d6 10. Bxf6 Bxf6 11. Bxb5+ axb5 12. Ndxb5 Qd7 13. Nxd6+ Ke7 14.
e5 Bxe5 15. Nxc8+ Qxc8 16. Rxe5 Rd8 17. Qf3 Nd7 18. Ree1 Nf6 19. h3 Qb8 20. b3
Ra5 21. Rad1 Re8 22. Rd3 Rf5 23. Qxf5 1-0

[Event "C.to Italiano U14 femminile"]
[Site "Porretta Terme ITA"]
[Date "2011.07.06"]
[Round "5"]
[White "Turazza, Silvia"]
[Black "Gueci, Laura"]
[Result "0-1"]
[WhiteElo "1723"]
[BlackElo "1797"]
[PlyCount "42"]
[EventDate "2011.07.03"]

1. d4 d5 2. c4 c6 3. Nc3 Nf6 4. Bg5 dxc4 5. e4 b5 6. a4 b4 7. Bxf6 bxc3 8. Be5
cxb2 9. Rb1 Qa5+ 10. Qd2 c3 11. Qc2 Nd7 12. Ne2 Nxe5 13. dxe5 e6 14. f4 Bb4 15.
Nd4 Bd7 16. Bc4 Qc5 17. Nxe6 Bxe6 18. Bxe6 Qe3+ 19. Kf1 Qxf4+ 20. Qf2 Qxf2+ 21.
Kxf2 fxe6 0-1

[Event "C.to Italiano U14 femminile"]
[Site "Porretta Terme ITA"]
[Date "2011.07.07"]
[Round "6"]
[White "Gueci, Laura"]
[Black "Paolillo, Gaia"]
[Result "1-0"]
[WhiteElo "1797"]
[BlackElo "1648"]
[PlyCount "30"]
[EventDate "2011.07.03"]

1. e4 e5 2. Nf3 Nc6 3. Bc4 Bc5 4. b4 Bxb4 5. c3 Ba5 6. d4 exd4 7. Qb3 Qe7 8.
O-O Nf6 9. e5 d5 10. exd6 cxd6 11. Re1 Ne5 12. Nxe5 O-O 13. Nf3 Qc7 14. Nxd4
Bd7 15. Bd2 Rfe8 1-0

[Event "C.to Italiano U14 femminile"]
[Site "Porretta Terme ITA"]
[Date "2011.07.07"]
[Round "6"]
[White "Miracola, Giorgia"]
[Black "Principi, Carlotta"]
[Result "1/2-1/2"]
[WhiteElo "1755"]
[BlackElo "1500"]
[PlyCount "53"]
[EventDate "2011.07.03"]

1. e4 e5 2. Nf3 Nc6 3. Bc4 Bc5 4. d3 Qf6 5. Bg5 Qg6 6. Nc3 d6 7. Be3 Nd4 8. Ng5
Be6 9. Nd5 Rc8 10. h4 h5 11. c3 Nc6 12. Bxc5 dxc5 13. f4 Qh6 14. f5 Bd7 15. b4
f6 16. Nf3 cxb4 17. cxb4 Nge7 18. b5 Nd8 19. Nxe7 Kxe7 20. a4 c6 21. Qd2 Qxd2+
22. Kxd2 Rh6 23. Nh2 g6 24. Raf1 gxf5 25. exf5 Nf7 26. Nf3 Nd6 27. Ng5 1/2-1/2

[Event "C.to Italiano U14 femminile"]
[Site "Porretta Terme ITA"]
[Date "2011.07.07"]
[Round "6"]
[White "Pelyushenko, Ivanna"]
[Black "Colantuono, Virginia"]
[Result "0-1"]
[WhiteElo "1789"]
[BlackElo "1754"]
[PlyCount "100"]
[EventDate "2011.07.03"]

1. e4 e5 2. Nf3 Nc6 3. Bb5 a6 4. Ba4 Nf6 5. Nc3 b5 6. Bb3 Bc5 7. O-O d6 8. d3
Bg4 9. Be3 Nd4 10. Bxd4 exd4 11. Nd5 c6 12. Nxf6+ Qxf6 13. Qe2 O-O 14. h3 Bh5
15. g4 Bg6 16. Kh1 h5 17. Rg1 Rfe8 18. Qd1 Rad8 19. Rg2 d5 20. exd5 cxd5 21.
Nh2 hxg4 22. Qxg4 Re5 23. Qg3 Qe7 24. Nf3 Rh5 25. Re1 Qd7 26. Ng5 Be7 27. Ne6
Re8 28. Nf4 Bd6 29. Rxe8+ Qxe8 30. Qg4 Bxf4 31. Qxf4 Rxh3+ 32. Rh2 Rxh2+ 33.
Qxh2 Qd8 34. Qe5 Qh4+ 35. Qh2 Qg5 36. Qg1 Qh5+ 37. Qh2 Qg5 38. Qb8+ Kh7 39.
Qh2+ Bh5 40. f4 Qf5 41. Qh4 Kg6 42. Qg5+ Qxg5 43. fxg5 Kxg5 44. Bxd5 b4 45. b3
f5 46. Kg2 Kf4 47. Kf2 g5 48. Bb7 a5 49. Bd5 Bg4 50. Bb7 Bd1 0-1

[Event "C.to Italiano U14 femminile"]
[Site "Porretta Terme ITA"]
[Date "2011.07.07"]
[Round "7"]
[White "Colantuono, Virginia"]
[Black "Miracola, Giorgia"]
[Result "1/2-1/2"]
[WhiteElo "1754"]
[BlackElo "1755"]
[PlyCount "69"]
[EventDate "2011.07.03"]

1. e4 c5 2. Nf3 d6 3. d4 cxd4 4. Nxd4 Nf6 5. Nc3 a6 6. Be3 e5 7. Nb3 Be6 8. f3
Be7 9. Be2 O-O 10. Qd2 d5 11. exd5 Nxd5 12. Nxd5 Qxd5 13. O-O Qxd2 14. Nxd2 Nc6
15. c3 f5 16. a4 Rad8 17. Rfd1 Kh8 18. a5 Bf6 19. Bb6 Rd7 20. Nc4 Rxd1+ 21.
Rxd1 Bxc4 22. Bxc4 Bd8 23. Bxd8 Rxd8 24. Rxd8+ Nxd8 25. Bd5 Nc6 26. Bxc6 bxc6
27. Kf2 Kg8 28. Ke3 Kf7 29. b4 Ke6 30. c4 Kd6 31. g4 g6 32. h3 h6 33. h4 h5 34.
g5 Kc7 35. Kd3 1/2-1/2

[Event "C.to Italiano U14 femminile"]
[Site "Porretta Terme ITA"]
[Date "2011.07.07"]
[Round "7"]
[White "Principi, Carlotta"]
[Black "Gueci, Laura"]
[Result "0-1"]
[WhiteElo "1500"]
[BlackElo "1797"]
[PlyCount "90"]
[EventDate "2011.07.03"]

1. d4 d5 2. Bf4 c5 3. e3 Nc6 4. Nf3 Nf6 5. Bb5 Qb6 6. Bxc6+ bxc6 7. b3 cxd4 8.
exd4 Ba6 9. Nc3 Nd7 10. Ne2 e6 11. O-O Be7 12. Rc1 c5 13. c3 O-O 14. Qc2 Rac8
15. Qb2 Bd6 16. Bxd6 Qxd6 17. Rfd1 e5 18. Ng3 e4 19. Nd2 f5 20. Re1 cxd4 21.
cxd4 Rxc1 22. Qxc1 f4 23. Ne2 f3 24. gxf3 Bxe2 25. Rxe2 exf3 26. Re3 Qg6+ 27.
Kf1 Qg2+ 28. Ke1 Qh1+ 29. Nf1 Nf6 30. Re7 Ne4 31. Qc2 Qg2 32. a4 Qg5 33. Re5
Qd8 34. Ng3 Qa5+ 35. Kd1 Nc3+ 36. Ke1 Nxa4+ 37. Kf1 Nc3 38. Qd2 Qb5+ 39. Kg1
Qxb3 40. h3 a5 41. Qe1 Qc4 42. Re7 Ne2+ 43. Kh2 Qxd4 44. Qxa5 Qxf2+ 45. Kh1
Qg1# 0-1

[Event "C.to Italiano U14 femminile"]
[Site "Porretta Terme ITA"]
[Date "2011.07.07"]
[Round "7"]
[White "Santeramo, Alessia Carmen"]
[Black "Lazzarini, Sabrina"]
[Result "1-0"]
[WhiteElo "1674"]
[BlackElo "1751"]
[PlyCount "79"]
[EventDate "2011.07.03"]

1. e4 e5 2. Bc4 Nf6 3. d3 d5 4. exd5 Nxd5 5. Nf3 Nc6 6. c3 Be7 7. Qb3 Na5 8.
Qa4+ c6 9. Nxe5 Bf6 10. Bxd5 Bxe5 11. Bf3 b5 12. Qd1 Bd7 13. O-O O-O 14. Be3
Qh4 15. g3 Qf6 16. Bg2 Rfe8 17. Nd2 Nb7 18. d4 Bc7 19. d5 Qg6 20. dxc6 Bxc6 21.
Bxc6 Qxc6 22. Qf3 Re6 23. Qxc6 Rxc6 24. Nf3 a6 25. Rad1 Nc5 26. Bxc5 Rxc5 27.
Rd7 Re8 28. Rfd1 h6 29. Nd4 Ree5 30. Nb3 Rc6 31. Kg2 Re8 32. R1d3 Re5 33. Rf3
f6 34. Rfd3 Re8 35. Nd4 Rc5 36. b4 Rc4 37. Nf5 Be5 38. Rxg7+ Kf8 39. Rdd7 Rec8
40. Rgf7+ 1-0

[Event "C.to Italiano U14 femminile"]
[Site "Porretta Terme ITA"]
[Date "2011.07.08"]
[Round "8"]
[White "Colantuono, Virginia"]
[Black "Paolillo, Gaia"]
[Result "1-0"]
[WhiteElo "1754"]
[BlackElo "1648"]
[PlyCount "183"]
[EventDate "2011.07.03"]

1. e4 e5 2. Nf3 Nc6 3. d4 exd4 4. Bc4 Nf6 5. e5 d5 6. Bb5 Ne4 7. Nxd4 Bd7 8.
Bxc6 bxc6 9. O-O Bc5 10. f3 Ng5 11. f4 Ne4 12. Be3 O-O 13. Nd2 Nxd2 14. Qxd2
Qe7 15. Rae1 Rab8 16. Nb3 Bb6 17. f5 Qg5 18. Kh1 Bxe3 19. Qxe3 Qxe3 20. Rxe3 g6
21. f6 Bf5 22. Rf2 Rfe8 23. c3 Bb1 24. Nd4 c5 25. Nc6 Rb6 26. Ne7+ Kh8 27. a3
d4 28. Re1 Bd3 29. cxd4 cxd4 30. Rd1 Rb3 31. Rf3 Bc2 32. Rxb3 Bxb3 33. Rxd4 Be6
34. h3 h5 35. Ra4 Ra8 36. Ra6 Rb8 37. Nxg6+ Kh7 38. Nf4 Bf5 39. Rxa7 Rxb2 40.
Kg1 Rc2 41. Ra4 c5 42. Nxh5 c4 43. Ng3 Be6 44. Ne4 Bd5 45. Ng5+ Kg6 46. Nf3 c3
47. Rg4+ Kh6 48. Rd4 Be6 49. Rd1 Ra2 50. Rc1 Rxa3 51. Nd4 Bc4 52. Nf5+ Kg6 53.
Nd6 Bd3 54. Kf2 c2 55. Ke1 Ra5 56. Kd2 Rd5 57. Ke3 Kh7 58. Nxf7 Bf5 59. Ke2
Bd3+ 60. Ke1 Bg6 61. Ng5+ Kg8 62. Nf3 Kf7 63. h4 Ke6 64. g4 Rd3 65. Ke2 Rd7 66.
h5 Bd3+ 67. Ke1 Kf7 68. g5 Be4 69. g6+ Kg8 70. Ng5 Bf5 71. Nf3 Be4 72. Nd2 Bf5
73. e6 Rd6 74. e7 Re6+ 75. Kf2 Bxg6 76. hxg6 Rxf6+ 77. Nf3 Re6 78. Rxc2 Rxe7
79. Nh4 Re4 80. Kg3 Ra4 81. Rc8+ Kg7 82. Rc7+ Kg8 83. g7 Ra5 84. Kg4 Ra1 85.
Nf5 Kh7 86. Rc8 Rg1+ 87. Kf4 Rf1+ 88. Ke5 Re1+ 89. Kd6 Rd1+ 90. Ke7 Re1+ 91.
Kf7 Rg1 92. Rh8# 1-0

[Event "C.to Italiano U14 femminile"]
[Site "Porretta Terme ITA"]
[Date "2011.07.08"]
[Round "8"]
[White "Gueci, Laura"]
[Black "Miracola, Giorgia"]
[Result "1-0"]
[WhiteElo "1797"]
[BlackElo "1755"]
[PlyCount "51"]
[EventDate "2011.07.03"]

1. e4 c5 2. Nf3 d6 3. d4 cxd4 4. Nxd4 Nf6 5. Nc3 a6 6. Bc4 e6 7. Bb3 Nbd7 8.
Bg5 Nc5 9. f4 Be7 10. Qf3 Qc7 11. O-O-O O-O 12. Bxf6 Nxb3+ 13. axb3 Bxf6 14. g4
Qc5 15. Nde2 g6 16. h4 Bxc3 17. Nxc3 f5 18. exf5 exf5 19. g5 Bd7 20. h5 Bc6 21.
Nd5 Bxd5 22. Rxd5 Qc6 23. hxg6 hxg6 24. Qh3 Kf7 25. Qh7+ Ke6 26. Rdd1 1-0

[Event "C.to Italiano U14 femminile"]
[Site "Porretta Terme ITA"]
[Date "2011.07.08"]
[Round "8"]
[White "Santeramo, Alessia Carmen"]
[Black "Turazza, Silvia"]
[Result "1/2-1/2"]
[WhiteElo "1674"]
[BlackElo "1723"]
[PlyCount "118"]
[EventDate "2011.07.03"]

1. e4 c5 2. Nf3 Nc6 3. d4 cxd4 4. Nxd4 e5 5. Nb5 d6 6. N1c3 a6 7. Na3 h6 8. Nc4
Nf6 9. Ne3 Be6 10. g3 Qd7 11. Ned5 Bxd5 12. Nxd5 Nxd5 13. Qxd5 Nd4 14. Bd3 Rc8
15. a3 Rc5 16. Qa2 Nxc2+ 17. Bxc2 Rxc2 18. O-O Qc6 19. Re1 Be7 20. Qb3 O-O 21.
Be3 Qxe4 22. Bg5 Qf5 23. Be3 Bg5 24. Rab1 Rfc8 25. Rf1 R8c7 26. Bb6 R7c6 27.
Ba5 Qc8 28. Bc3 Re2 29. Rbd1 Re4 30. Rd3 Rec4 31. Rfd1 Be7 32. Re1 Rc7 33. Rde3
Bf8 34. Rd1 Rd7 35. Bxe5 Rc1 36. Bc3 Rxd1+ 37. Qxd1 d5 38. Rd3 Qc6 39. Rd4 Bxa3
40. Rg4 Bf8 41. Qd4 f5 42. Rf4 g6 43. Qh8+ Kf7 44. Qd4 Re7 45. Rf3 Re4 46. Qd2
Bg7 47. Bxg7 Kxg7 48. Rd3 Re5 49. f4 Qb6+ 50. Kf1 Re7 51. Rxd5 Qc6 52. Kg1 Re1+
53. Qxe1 Qxd5 54. Qc3+ Kf7 55. Qc7+ Ke6 56. Qc8+ Qd7 57. Qg8+ Kf6 58. Qf8+ Qf7
59. Qxh6 Qg7 1/2-1/2